Regulace monopolů v oblasti elektroenergetiky dizertačná práca

Guardado en:
Detalles Bibliográficos
Autor principal: Kohoutová, Zuzana
Autor Corporativo: Ekonomická univerzita v Bratislave. Fakulta podnikového manažmentu
Otros Autores: Fendeková, Eleonora, 1952-
Formato: Libro
Lenguaje:eslovaco
Publicado: Bratislava 2010
Materias:
Etiquetas: Agregar Etiqueta
Sin Etiquetas, Sea el primero en etiquetar este registro!

MARC

LEADER 00000nam a2200000 4500
001 0124081
005 20221207094850.2
041 0 |a slo 
044 |a SK 
245 1 0 |a Regulace monopolů v oblasti elektroenergetiky  |b dizertačná práca  |c Zuzana Kohoutová ; škol. Eleonora Fendeková 
264 1 |a Bratislava  |c 2010 
300 |a 157 s. 
610 2 0 |a monopoly 
610 2 0 |a regulácia cenová 
610 2 0 |a ceny 
610 2 0 |a elektroenergetika 
610 2 0 |a politika energetická 
100 1 |a Kohoutová, Zuzana 
700 1 |a Fendeková, Eleonora, 1952- 
710 2 |a Ekonomická univerzita v Bratislave. Fakulta podnikového manažmentu